[Event "COL Students-ch (Women)"]
[Site "Santa Fe"]
[Date "2023.09.25"]
[Round "6"]
[White "Galindo Torres, Jeimy Julissa"]
[Black "Gomez Saenz, Manuela"]
[Result "1-0"]
[WhiteElo "1202"]
[BlackElo "1447"]
[PlyCount "29"]
[EventDate "2023.09.23"]
[EventType "swiss"]
[EventRounds "6"]
[EventCountry "COL"]
[SourceTitle "EXT 2024"]
[Source "ChessBase"]
[SourceDate "2023.10.10"]
[SourceVersion "1"]
[SourceVersionDate "2023.10.10"]
[SourceQuality "1"]

1. d4 g6 2. Bg5 Bg7 3. e3 d6 4. Bd3 c6 5. c3 Qc7 6. f4 f5 7. Nd2 Be6 8. Qe2 Nd7 9. e4 fxe4 10. Nxe4 Ngf6 11. Nxf6+ Nxf6 12. Qxe6 Qb6 13. 0-0-0 a5 14. Re1 Qc7 15. Bxf6 1-0

[Event "COL Students-ch (Women)"]
[Site "Santa Fe"]
[Date "2023.09.25"]
[Round "5"]
[White "Galindo Torres, Jeimy Julissa"]
[Black "Gomez Vasquez, Laura Sofia"]
[Result "0-1"]
[WhiteElo "1202"]
[BlackElo "1657"]
[PlyCount "132"]
[EventDate "2023.09.23"]
[EventType "swiss"]
[EventRounds "6"]
[EventCountry "COL"]
[SourceTitle "EXT 2024"]
[Source "ChessBase"]
[SourceDate "2023.10.10"]
[SourceVersion "1"]
[SourceVersionDate "2023.10.10"]
[SourceQuality "1"]

1. d4 f5 2. Bg5 Nf6 3. e3 e6 4. Nd2 d5 5. Ngf3 Be7 6. Ne5 0-0 7. Bd3 Nbd7 8. Ndf3 c5 9. c3 Ne4 10. Bxe7 Qxe7 11. Nxd7 Bxd7 12. Ne5 c4 13. Bxe4 fxe4 14. 0-0 b5 15. Qg4 Rf5 16. f4 exf3 17. Rxf3 Rxf3 18. Nxf3 e5 19. Qh5 Rf8 20. Qxe5 Qxe5 21. Nxe5 Be8 22. Re1 Rf6 23. e4 dxe4 24. Rxe4 Kf8 25. Ng4 Rd6 26. Kf2 Bc6 27. Re5 a6 28. Ne3 Kf7 29. d5 Bd7 30. Kf3 Kf6 31. Ke4 g6 32. Kd4 h5 33. Re4 Bf5 34. Rf4 Rd8 35. h4 Re8 36. g4 hxg4 37. Nxg4+ Kg7 38. Ne5 Kf6 39. Nd7+ Ke7 40. Nc5 Kd6 41. Nxa6 Re2 42. Nb4 Rxb2 43. h5 Rd2+ 44. Ke3 Rg2 45. hxg6 Bxg6 46. Rf6+ Ke5 47. Re6+ Kf5 48. Rb6 Ke5 49. Rxb5 Be8 50. Rb6 Bf7 51. a4 Rg3+ 52. Kd2 Rg2+ 53. Kc1 Rg1+ 54. Kb2 Rg2+ 55. Ka3 Rg3 56. Nc6+ Kxd5 57. Kb4 Re3 58. Nd8 Be8 59. Ra6 Re4 60. Ra5+ Kd6 61. Rc5 Re1 62. Nb7+ Ke6 63. Rxc4 Rb1+ 64. Ka5 Rxb7 65. Ka6 Rb3 66. a5 Bb5+ 0-1

[Event "COL-ch U1700"]
[Site "Pereira"]
[Date "2022.02.18"]
[Round "4"]
[White "Galindo Torres, Jeimy Julissa"]
[Black "Restrepo Charry, Sebastian"]
[Result "0-1"]
[WhiteElo "1149"]
[BlackElo "1563"]
[PlyCount "48"]
[EventDate "2022.02.16"]
[EventType "swiss"]
[EventRounds "9"]
[EventCountry "COL"]
[SourceTitle "CBM 207 Extra"]
[Source "ChessBase"]
[SourceDate "2022.05.31"]
[SourceVersion "1"]
[SourceVersionDate "2022.05.31"]
[SourceQuality "1"]

1. d4 Nf6 2. Bg5 Ne4 3. h4 c5 4. e3 Qb6 5. Qc1 f6 6. Bf4 cxd4 7. exd4 e5 8. f3 exf4 9. fxe4 Qxd4 10. Bd3 Bb4+ 11. Ke2 Bc5 12. Nh3 d5 13. c3 Bg4+ 14. Kd2 Qe5 15. Qe1 Be3+ 16. Kc2 dxe4 17. Be2 f3 18. gxf3 exf3 19. Bd3 Nc6 20. Nf2 Bh5 21. Ne4 Bf4 22. Nd6+ Kd7 23. Nxb7 Rac8 24. Bf5+ Qxf5+ 0-1

[Event "COL-ch U1700"]
[Site "Pereira"]
[Date "2022.02.17"]
[Round "3"]
[White "Finley Rosero, Karol Valentina"]
[Black "Galindo Torres, Jeimy Julissa"]
[Result "0-1"]
[WhiteElo "1473"]
[BlackElo "1149"]
[PlyCount "56"]
[EventDate "2022.02.16"]
[EventType "swiss"]
[EventRounds "9"]
[EventCountry "COL"]
[SourceTitle "CBM 207 Extra"]
[Source "ChessBase"]
[SourceDate "2022.05.31"]
[SourceVersion "1"]
[SourceVersionDate "2022.05.31"]
[SourceQuality "1"]

1. e4 c5 2. Nf3 d6 3. d4 cxd4 4. Nxd4 e5 5. Nb5 a6 6. N5a3 Nf6 7. Nc3 Nc6 8. Nd5 Be6 9. Bg5 Be7 10. Bxf6 gxf6 11. c3 f5 12. exf5 Bxf5 13. Nc4 Be6 14. Nxe7 Kxe7 15. Ne3 d5 16. Qb3 Qd7 17. Rd1 Rad8 18. Qa3+ Qd6 19. Qxd6+ Rxd6 20. f3 f5 21. Bd3 e4 22. Bc2 d4 23. cxd4 Nxd4 24. Kf2 f4 25. Bxe4 fxe3+ 26. Kxe3 Rhd8 27. Rc1 Nf5+ 28. Kf4 Rf8 0-1

[Event "Tolima Departamenl Amateur-ch"]
[Site "Tolima"]
[Date "2020.01.08"]
[Round "2"]
[White "Medina Barrios, Lina Maria"]
[Black "Galindo Torres, Jeimy Julissa"]
[Result "1/2-1/2"]
[WhiteElo "1503"]
[BlackElo "1144"]
[PlyCount "77"]
[EventDate "2020.01.07"]
[EventType "swiss"]
[EventRounds "5"]
[EventCountry "COL"]
[SourceTitle "CBM 195 Extra"]
[Source "ChessBase"]
[SourceDate "2020.05.31"]
[SourceVersion "1"]
[SourceVersionDate "2020.05.31"]
[SourceQuality "1"]

1. e4 e5 2. Nf3 Nc6 3. Bc4 Be7 4. c3 Nf6 5. d3 h6 6. Nbd2 d6 7. Bb3 0-0 8. 0-0 Re8 9. Re1 a5 10. Nf1 Bf8 11. Ng3 Bg4 12. h3 Bxf3 13. Qxf3 a4 14. Bc2 Nh7 15. b3 axb3 16. Bxb3 Qf6 17. Qxf6 Nxf6 18. Be3 Nd8 19. Nf1 Nh5 20. Nd2 Ne6 21. d4 exd4 22. cxd4 Be7 23. Rec1 c6 24. a4 Bg5 25. Bxg5 Nxg5 26. Re1 Nf4 27. h4 Nge6 28. Nf3 d5 29. exd5 Nxd5 30. a5 Kf8 31. Bc4 Nb4 32. Reb1 Nc2 33. Ra2 Ncxd4 34. Nxd4 Nxd4 35. Rxb7 Re7 36. a6 Nb5 37. Bxb5 cxb5 38. Rxb5 Rea7 39. Rba5 1/2-1/2

[Event "Tolima Departamenl Amateur-ch"]
[Site "Tolima"]
[Date "2020.01.07"]
[Round "1"]
[White "Galindo Torres, Jeimy Julissa"]
[Black "Pardo Sierra, Aurelio"]
[Result "0-1"]
[WhiteElo "1144"]
[BlackElo "1991"]
[PlyCount "38"]
[EventDate "2020.01.07"]
[EventType "swiss"]
[EventRounds "5"]
[EventCountry "COL"]
[SourceTitle "CBM 195 Extra"]
[Source "ChessBase"]
[SourceDate "2020.05.31"]
[SourceVersion "1"]
[SourceVersionDate "2020.05.31"]
[SourceQuality "1"]

1. d4 d5 2. Bg5 Nd7 3. e3 Ngf6 4. Bd3 e5 5. c3 Bd6 6. Nd2 0-0 7. Qe2 c5 8. dxc5 Nxc5 9. 0-0-0 Be6 10. Kb1 Rc8 11. Bc2 Be7 12. Ngf3 Qc7 13. Bh4 b5 14. Bg3 Bd6 15. Nb3 Na4 16. Qxb5 Nxb2 17. Rc1 Nc4 18. Qa6 Na3+ 19. Ka1 Qxc3# 0-1

[Event "COL-chT Interligas (Women)"]
[Site "Palmira"]
[Date "2019.04.28"]
[Round "4.4"]
[White "Galindo Torres, Jeimy Julissa"]
[Black "Ruiz Jaraba, Valentina Sofia"]
[Result "0-1"]
[WhiteElo "1364"]
[BlackElo "1501"]
[PlyCount "48"]
[EventDate "2019.04.27"]
[EventType "team-swiss"]
[EventRounds "6"]
[EventCountry "COL"]
[SourceTitle "CBM 190 Extra"]
[Source "ChessBase"]
[SourceDate "2019.07.15"]
[SourceVersion "1"]
[SourceVersionDate "2019.07.15"]
[SourceQuality "1"]
[WhiteTeam "Tolima (W)"]
[BlackTeam "Atlantico (W)"]
[WhiteTeamCountry "COL"]
[BlackTeamCountry "COL"]

1. e4 c5 2. Nc3 d6 3. f4 Nf6 4. Nf3 a6 5. Bc4 b5 6. Bd5 Nxd5 7. Nxd5 e6 8. Ne3 Bb7 9. d3 Nc6 10. 0-0 Be7 11. Qe1 Nd4 12. Bd2 Bf6 13. c3 Nxf3+ 14. Rxf3 Rc8 15. Ng4 Bh4 16. g3 h5 17. Nf2 Bf6 18. Re3 e5 19. Re2 h4 20. Ng4 hxg3 21. hxg3 Qd7 22. Rh2 Ke7 23. f5 Rxh2 24. Nxh2 g6 0-1

[Event "COL-chT Interligas (Women)"]
[Site "Palmira"]
[Date "2019.04.27"]
[Round "2.4"]
[White "Ceballos Castellanos, Isabela"]
[Black "Galindo Torres, Jeimy Julissa"]
[Result "1-0"]
[WhiteElo "1409"]
[BlackElo "1364"]
[PlyCount "59"]
[EventDate "2019.04.27"]
[EventType "team-swiss"]
[EventRounds "6"]
[EventCountry "COL"]
[SourceTitle "CBM 190 Extra"]
[Source "ChessBase"]
[SourceDate "2019.07.15"]
[SourceVersion "1"]
[SourceVersionDate "2019.07.15"]
[SourceQuality "1"]
[WhiteTeam "Caldas (W)"]
[BlackTeam "Tolima (W)"]
[WhiteTeamCountry "COL"]
[BlackTeamCountry "COL"]

1. e4 e5 2. d4 exd4 3. Bc4 d6 4. Qxd4 Nc6 5. Qe3 Be7 6. Nf3 h6 7. 0-0 Nf6 8. Nc3 0-0 9. Re1 Nb4 10. Bb3 c5 11. a3 Nc6 12. Nd5 Re8 13. Nxe7+ Rxe7 14. Qd3 Be6 15. Bf4 Bxb3 16. cxb3 Ne5 17. Bxe5 dxe5 18. Qc3 Qc7 19. Rac1 b6 20. Nh4 g6 21. Qf3 Re6 22. Qh3 Kg7 23. Rc3 Nh5 24. Nf5+ gxf5 25. exf5 Nf4 26. Qg4+ Ng6 27. fxe6 fxe6 28. Rg3 Qf7 29. Rxe5 Rd8 30. h4 1-0

[Event "COL-ch U1700"]
[Site "Pereira"]
[Date "2019.03.22"]
[Round "3"]
[White "Pinilla, Diego Alexander"]
[Black "Galindo Torres, Jeimy Julissa"]
[Result "1-0"]
[WhiteElo "1693"]
[BlackElo "1364"]
[PlyCount "28"]
[EventDate "2019.03.21"]
[EventType "swiss"]
[EventRounds "9"]
[EventCountry "COL"]
[SourceTitle "CBM 189 Extra"]
[Source "ChessBase"]
[SourceDate "2019.06.03"]
[SourceVersion "1"]
[SourceVersionDate "2019.06.03"]
[SourceQuality "1"]

1. e4 e5 2. Nc3 Nf6 3. Bc4 Nc6 4. d3 Bc5 5. f4 Ng4 6. Qxg4 d5 7. Qxg7 Rf8 8. Nxd5 Be7 9. f5 f6 10. Bh6 Nd4 11. 0-0-0 Qd6 12. Nxe7 Qxe7 13. Qxf8+ Qxf8 14. Bxf8 Kxf8 1-0

[Event "COL-ch (Women)"]
[Site "Bogota"]
[Date "2018.11.11"]
[Round "8"]
[White "Galindo Torres, Jeimy Julissa"]
[Black "Campos Perilla, Angie Catalina"]
[Result "0-1"]
[WhiteElo "1540"]
[BlackElo "1232"]
[PlyCount "46"]
[EventDate "2018.11.06"]
[EventType "swiss"]
[EventRounds "9"]
[EventCountry "COL"]
[SourceTitle "CBM 187 Extra"]
[Source "ChessBase"]
[SourceDate "2018.11.04"]
[SourceVersion "1"]
[SourceVersionDate "2018.11.04"]
[SourceQuality "1"]

1. d4 d5 2. c4 e5 3. dxe5 d4 4. a3 c5 5. e3 Nc6 6. Nf3 Nge7 7. exd4 cxd4 8. Bg5 h6 9. Bf4 Ng6 10. Bg3 Bg4 11. Be2 Bxf3 12. Bxf3 Ngxe5 13. Be2 d3 14. f4 dxe2 15. Qxe2 Bc5 16. fxe5 0-0 17. Nd2 Re8 18. 0-0-0 Qg5 19. Rhe1 Bd4 20. Kb1 Nxe5 21. Ne4 Qd8 22. Qh5 Nc6 23. Rf1 Rxe4 0-1